Cómo hacer una monografía /

Guardado en:
Autor Principal: Barbería, María Emma
Formato: Desconocido
Idioma:Spanish
Publicado: Buenos Aires : Valletta, 2004.
Edición:1a. ed. 2a. reimp.
Series:Síntesis práctica
Materias:
Etiquetas: Agregar Etiqueta
Sin Etiquetas, Sea el primero en etiquetar este registro!
LEADER 00686nac a22001815a 4500
001 DER.der013199
008 180615s2004####ag#||||||||||||||#||spa||
005 20250210090545.0
245 1 0 |a Cómo hacer una monografía /  |c María Emma Barbería. 
250 |a 1a. ed. 2a. reimp. 
260 |a Buenos Aires :  |b Valletta,  |c 2004. 
300 |a 104 p. 
440 0 |a Síntesis práctica 
500 |a Qué es una monografía. Cómo elegir el tema. Cómo escribirla correctamente. La bibliografía y su utilidad. El empleo de las notas y las citas bibliográficas. 
020 |a 9507431144 
100 1 |a Barbería, María Emma 
650 7 |a PRACTICA JURIDICA 
859 |a DERECHO  |b BIB. DERECHO  |h 378.242  |i BAR  |p 008108